[Event "Moscow-ch sf"]
[Site "Moscow"]
[Date "2012.03.06"]
[Round "9"]
[White "Trofimovsky, Alexander"]
[Black "Glushkov, Lev"]
[Result "1/2-1/2"]
[WhiteElo "2103"]
[BlackElo "1958"]
[PlyCount "103"]
[EventDate "2012.02.26"]
[EventType "swiss"]
[EventRounds "9"]
[EventCountry "RUS"]
[SourceTitle "CBM 147 Extra"]
[Source "ChessBase"]
[SourceDate "2012.04.24"]
[SourceVersion "1"]
[SourceVersionDate "2012.04.24"]
[SourceQuality "1"]

1. c4 e6 2. Nf3 d5 3. b3 f5 4. g3 Nf6 5. Bg2 Bd6 6. 0-0 0-0 7. d4 c6 8. Ba3 Bxa3 9. Nxa3 Qe7 10. Nc2 Nbd7 11. Nce1 dxc4 12. bxc4 e5 13. dxe5 Nxe5 14. Nxe5 Qxe5 15. Rb1 Re8 16. e3 Be6 17. Nf3 Qc7 18. Qc2 Rab8 19. Nd4 g6 20. Nxe6 Rxe6 21. Rfd1 Nd7 22. e4 fxe4 23. Bxe4 Nc5 24. Bg2 Rbe8 25. Qc3 Re2 26. Qa3 Qe5 27. Bf3 Rc2 28. Re1 Qxe1+ 29. Rxe1 Rxe1+ 30. Kg2 Rxc4 31. Qxa7 Re8 32. Qb6 Rf8 33. Bd1 Rc1 34. Bb3+ Nxb3 35. Qxb3+ Rf7 36. f4 b5 37. Qe6 Rc4 38. h4 Kf8 39. h5 gxh5 40. Qh6+ Kg8 41. Qxh5 Rc2+ 42. Kf3 Rxa2 43. Qg4+ Kf8 44. Qc8+ Kg7 45. Qxc6 b4 46. Qd6 b3 47. Qd5 Ra3 48. Qg5+ Kh8 49. Qe5+ Kg8 50. Qe8+ Kg7 51. Qe5+ Kg8 52. Qg5+ 1/2-1/2

[Event "Moscow-ch sf"]
[Site "Moscow"]
[Date "2012.03.02"]
[Round "6"]
[White "Kalinin, Nikita"]
[Black "Glushkov, Lev"]
[Result "1-0"]
[WhiteElo "2194"]
[BlackElo "1958"]
[PlyCount "215"]
[EventDate "2012.02.26"]
[EventType "swiss"]
[EventRounds "9"]
[EventCountry "RUS"]
[SourceTitle "CBM 147 Extra"]
[Source "ChessBase"]
[SourceDate "2012.04.24"]
[SourceVersion "1"]
[SourceVersionDate "2012.04.24"]
[SourceQuality "1"]

1. e4 e6 2. d4 d5 3. Nc3 Nf6 4. e5 Nfd7 5. f4 c5 6. Nf3 Nc6 7. Be3 cxd4 8. Nxd4 Bc5 9. Qd2 Nxd4 10. Bxd4 Bxd4 11. Qxd4 f6 12. exf6 Qxf6 13. 0-0-0 0-0 14. g3 Qxd4 15. Rxd4 Nb6 16. Rd2 Bd7 17. Bh3 Rae8 18. Re1 Rf7 19. b3 Rfe7 20. Rde2 Kf7 21. Nd1 e5 22. Bxd7 Nxd7 23. fxe5 Rxe5 24. Rf1+ Nf6 25. Rd2 Re1 26. Rf3 Kg6 27. Kb2 R8e2 28. Rxe2 Rxe2 29. h3 Rh2 30. g4 Ne4 31. Ne3 Ng5 32. Rf5 d4 33. Nd5 d3 34. Nf4+ Kh6 35. Nxd3 Rxh3 36. Rd5 Rf3 37. Ne5 Re3 38. Rd6+ g6 39. Rd5 a6 40. a4 Ne6 41. g5+ Kg7 42. Rd7+ Kf8 43. Ng4 Rg3 44. Nf6 Nxg5 45. Nxh7+ Nxh7 46. Rxh7 Rf3 47. Rxb7 Rf6 48. Kc3 g5 49. Kd3 Rf3+ 50. Ke2 Rc3 51. Kd2 Rg3 52. Rb6 Rg2+ 53. Kd3 g4 54. Rxa6 g3 55. Rg6 Kf7 56. Rg4 Kf6 57. Ke3 Kf5 58. Kf3 Rxc2 59. Rf4+ Ke5 60. Kxg3 Kd5 61. Rf5+ Kc6 62. Rb5 Re2 63. Kf3 Re1 64. Kf2 Re8 65. Rf5 Re4 66. Rf3 Kc5 67. Re3 Rh4 68. Re5+ Kc6 69. Ke2 Rb4 70. Re3 Kc5 71. Kd2 Rh4 72. Kc3 Kb6 73. Kb2 Ka5 74. Ka3 Rg4 75. Rh3 Rf4 76. b4+ Ka6 77. Kb3 Kb6 78. Rh6+ Ka7 79. a5 Kb7 80. Rh3 Ka6 81. Rh6+ Ka7 82. Rc6 Kb7 83. Rc5 Ka6 84. Rc4 Rf5 85. Ka4 Rh5 86. Rg4 Rf5 87. b5+ Kb7 88. Rg7+ Kb8 89. a6 Rf4+ 90. Ka5 Rf5 91. Rg6 Ka7 92. Rc6 Rh5 93. Rg6 Rf5 94. Rg7+ Ka8 95. Rc7 Rh5 96. Kb6 Rh6+ 97. Rc6 Rh8 98. Rf6 Rg8 99. Rd6 Rh8 100. Kc6 Rc8+ 101. Kd5 Ka7 102. Rd7+ Kb6 103. Rb7+ Ka5 104. a7 Ra8 105. b6 Rd8+ 106. Ke4 Re8+ 107. Kf5 Rf8+ 108. Kg6 1-0

[Event "Moscow op-E"]
[Site "Moscow"]
[Date "2011.02.05"]
[Round "8.120"]
[White "Ustinov, Alexey"]
[Black "Glushkov, Lev"]
[Result "1-0"]
[WhiteElo "2185"]
[BlackElo "1928"]
[PlyCount "59"]
[EventDate "2011.01.29"]
[EventType "swiss"]
[EventRounds "9"]
[EventCountry "RUS"]
[SourceTitle "EXT 2022"]
[Source "ChessBase"]
[SourceDate "2021.10.06"]
[SourceVersion "1"]
[SourceVersionDate "2021.10.06"]
[SourceQuality "1"]

1. c4 e5 2. a3 Nf6 3. d3 d5 4. cxd5 Nxd5 5. Nf3 Nc6 6. e3 Be7 7. Be2 Be6 8. Nbd2 Qd7 9. Qc2 g5 10. Nc4 f6 11. b4 g4 12. Nfd2 h5 13. Nb3 h4 14. b5 Nd8 15. d4 Nf7 16. e4 Nf4 17. Bxf4 Bxc4 18. Bxc4 exf4 19. e5 Nh6 20. Qg6+ Kd8 21. Nc5 Qf5 22. Nxb7+ Kd7 23. Nc5+ Bxc5 24. Qxf5+ Nxf5 25. dxc5 fxe5 26. 0-0-0+ Nd4 27. Rhe1 Rae8 28. Bd5 Re7 29. a4 Rd8 30. Rxd4 1-0

[Event "Moscow op-E"]
[Site "Moscow"]
[Date "2011.01.30"]
[Round "2.143"]
[White "Gordievsky, Dmitry"]
[Black "Glushkov, Lev"]
[Result "1/2-1/2"]
[WhiteElo "2298"]
[BlackElo "1928"]
[PlyCount "45"]
[EventDate "2011.01.29"]
[EventType "swiss"]
[EventRounds "9"]
[EventCountry "RUS"]
[SourceTitle "EXT 2022"]
[Source "ChessBase"]
[SourceDate "2021.10.06"]
[SourceVersion "1"]
[SourceVersionDate "2021.10.06"]
[SourceQuality "1"]

1. d4 d5 2. c4 e6 3. Nc3 c6 4. Nf3 f5 5. g3 Nf6 6. Bg2 Bd6 7. 0-0 Nbd7 8. Qc2 Ne4 9. Rb1 Qe7 10. a3 0-0 11. b4 h6 12. Nd2 Nxc3 13. Qxc3 b5 14. cxb5 cxb5 15. Nb3 Nb6 16. Nc5 Bb7 17. Qf3 Nc4 18. Ra1 a5 19. Bf4 Bc6 20. Bxd6 Qxd6 21. Qc3 a4 22. Rac1 Rac8 23. Rfd1 1/2-1/2

[Event "Moscow-ch act"]
[Site "Moscow"]
[Date "2010.10.03"]
[Round "3"]
[White "Glushkov, Lev"]
[Black "Lazarev, Gennady"]
[Result "1/2-1/2"]
[WhiteElo "1928"]
[BlackElo "2361"]
[PlyCount "43"]
[EventDate "2010.10.03"]
[EventType "swiss"]
[EventRounds "9"]
[EventCountry "RUS"]
[SourceTitle "EXT 2012"]
[Source "ChessBase"]
[SourceDate "2011.11.24"]
[SourceVersion "1"]
[SourceVersionDate "2011.11.24"]
[SourceQuality "1"]

1. e4 e5 2. Nf3 Nf6 3. Nc3 Bb4 4. d3 Nc6 5. a3 Bxc3+ 6. bxc3 d5 7. exd5 Qxd5 8. c4 Qd6 9. Be2 h6 10. 0-0 0-0 11. a4 Re8 12. Ba3 Qe6 13. c3 e4 14. Nd4 Nxd4 15. cxd4 e3 16. f3 b6 17. d5 Qf5 18. d4 Qg6 19. Bd3 Bf5 20. Bxf5 Qxf5 21. Qe2 Nh5 22. g3 1/2-1/2

[Event "Moscow op-B"]
[Site "Moscow"]
[Date "2009.11.20"]
[Round "1"]
[White "Glushkov, Lev"]
[Black "Savin, Boris"]
[Result "1-0"]
[WhiteElo "1897"]
[BlackElo "2189"]
[PlyCount "73"]
[EventDate "2009.01.31"]
[EventType "swiss"]
[EventRounds "9"]
[EventCountry "RUS"]
[SourceTitle "EXT 2012"]
[Source "ChessBase"]
[SourceDate "2011.11.24"]
[SourceVersion "1"]
[SourceVersionDate "2011.11.24"]
[SourceQuality "1"]

1. e4 Nf6 2. Nc3 d5 3. exd5 Nxd5 4. Bc4 c6 5. Nge2 Bf5 6. d4 e6 7. Nxd5 cxd5 8. Bd3 Bxd3 9. Qxd3 Nc6 10. Bf4 Bd6 11. Qg3 Bf8 12. Bc7 Qd7 13. 0-0 f6 14. Bf4 g6 15. c3 Bg7 16. Rfe1 0-0 17. Qh3 Rf7 18. Bh6 Bh8 19. Rad1 e5 20. Qd3 e4 21. Qg3 Bg7 22. Bxg7 Kxg7 23. Nf4 g5 24. c4 dxc4 25. d5 Ne5 26. Rxe4 Kh8 27. Ne6 Nd3 28. Rxc4 Qxd5 29. Qxd3 Qxe6 30. b3 Re8 31. Rd4 Ree7 32. Rd6 Qg4 33. Rxf6 Rd7 34. Rd6 Rxd6 35. Qxd6 Qe2 36. Qd8+ Kg7 37. Qxg5+ 1-0

[Event "Lazy Baltic Pearl op-B 05th"]
[Site "Lazy"]
[Date "2009.06.21"]
[Round "?"]
[White "Brusilowicz, Przemyslaw"]
[Black "Glushkov, Lev"]
[Result "1/2-1/2"]
[WhiteElo "1954"]
[BlackElo "1943"]
[PlyCount "51"]
[EventDate "2009.06.21"]
[EventType "swiss"]
[EventRounds "9"]
[EventCountry "POL"]
[SourceTitle "EXT 2023"]
[Source "ChessBase"]
[SourceDate "2022.10.05"]
[SourceVersion "1"]
[SourceVersionDate "2022.10.05"]
[SourceQuality "1"]

1. e4 e6 2. d4 d5 3. Nc3 Bb4 4. exd5 exd5 5. Bd3 Ne7 6. Nf3 Bg4 7. h3 Bh5 8. 0-0 c6 9. Re1 h6 10. Bf4 0-0 11. a3 Bd6 12. Bxd6 Qxd6 13. Qe2 Re8 14. Qe5 Qxe5 15. Nxe5 Kf8 16. g4 Bg6 17. Nxg6+ Nxg6 18. Rxe8+ Kxe8 19. Bxg6 fxg6 20. Re1+ Kf7 21. Kg2 g5 22. Na2 Nd7 23. Nb4 Nf8 24. Nd3 Ng6 25. Kg3 Rd8 26. Kg2 1/2-1/2

[Event "Lazy Baltic Pearl op-B 05th"]
[Site "Lazy"]
[Date "2009.06.21"]
[Round "?"]
[White "Glushkov, Lev"]
[Black "Nowicki, Bartosz"]
[Result "1/2-1/2"]
[WhiteElo "1943"]
[BlackElo "1944"]
[PlyCount "98"]
[EventDate "2009.06.21"]
[EventType "swiss"]
[EventRounds "9"]
[EventCountry "POL"]
[SourceTitle "EXT 2023"]
[Source "ChessBase"]
[SourceDate "2022.10.05"]
[SourceVersion "1"]
[SourceVersionDate "2022.10.05"]
[SourceQuality "1"]

1. e4 c5 2. Nf3 Nc6 3. d4 cxd4 4. Nxd4 g6 5. Nc3 Bg7 6. Be3 Nf6 7. Be2 0-0 8. 0-0 d6 9. Nb3 Be6 10. Qd2 Rc8 11. Bh6 Bxh6 12. Qxh6 Ne5 13. Qe3 a6 14. f4 Nc4 15. Bxc4 Bxc4 16. Rfd1 Qc7 17. Rd2 b5 18. Rad1 Bxb3 19. cxb3 Qc5 20. Qd4 Nd7 21. e5 dxe5 22. Qxc5 Nxc5 23. b4 Ne6 24. fxe5 Rfd8 25. Rxd8+ Rxd8 26. Rxd8+ Nxd8 27. Nd5 Nc6 28. a3 Kf8 29. Nc7 Nb8 30. e6 fxe6 31. Nxe6+ Kf7 32. Ng5+ Kg7 33. Kf2 h6 34. Ne4 Nc6 35. Nc5 a5 36. bxa5 Nxa5 37. Ne6+ Kf6 38. Nc7 Nc4 39. Nxb5 Nxb2 40. Ke2 e5 41. Nc7 Kf5 42. Nd5 Na4 43. Kd3 e4+ 44. Kc4 Ke5 45. Nc3 Nb6+ 46. Kb5 Nc8 47. Ne2 e3 48. a4 Ke4 49. a5 Kd3 1/2-1/2

[Event "Moscow op-B"]
[Site "Moscow"]
[Date "2009.02.03"]
[Round "4"]
[White "Asgarov, Mushfig Nizami"]
[Black "Glushkov, Lev"]
[Result "1-0"]
[WhiteElo "2192"]
[BlackElo "1897"]
[PlyCount "77"]
[EventDate "2009.01.31"]
[EventType "swiss"]
[EventRounds "9"]
[EventCountry "RUS"]
[SourceTitle "EXT 2012"]
[Source "ChessBase"]
[SourceDate "2011.11.24"]
[SourceVersion "1"]
[SourceVersionDate "2011.11.24"]
[SourceQuality "1"]

1. e4 e6 2. d4 d5 3. Nd2 Nf6 4. e5 Nfd7 5. Bd3 c5 6. c3 Qb6 7. Ne2 Nc6 8. Nf3 Be7 9. 0-0 0-0 10. Bc2 cxd4 11. cxd4 Nb4 12. Bb1 Rd8 13. Nc3 Nf8 14. a3 Nc6 15. b4 Bd7 16. Bf4 Rac8 17. Qd2 Nxb4 18. axb4 Bxb4 19. Rc1 Qc6 20. Qd3 Bxc3 21. Ra3 b5 22. Raxc3 Qb6 23. Rxc8 Rxc8 24. Rxc8 Bxc8 25. Qc3 Bd7 26. Bd2 Bc6 27. Qb4 Nd7 28. Qe7 h6 29. Bb4 Qb8 30. Bd6 Qc8 31. g4 a5 32. Qh4 b4 33. Bd3 Ba4 34. g5 g6 35. gxh6 Bd1 36. h7+ Kg7 37. Be7 Bxf3 38. Bf6+ Nxf6 39. Qxf6+ 1-0

[Event "Moscow op-B"]
[Site "Moscow"]
[Date "2009.02.01"]
[Round "2"]
[White "Loginov, Anton"]
[Black "Glushkov, Lev"]
[Result "1-0"]
[WhiteElo "2232"]
[BlackElo "1897"]
[PlyCount "79"]
[EventDate "2009.01.31"]
[EventType "swiss"]
[EventRounds "9"]
[EventCountry "RUS"]
[SourceTitle "EXT 2012"]
[Source "ChessBase"]
[SourceDate "2011.11.24"]
[SourceVersion "1"]
[SourceVersionDate "2011.11.24"]
[SourceQuality "1"]

1. d4 d5 2. c4 e6 3. Nc3 c6 4. Nf3 f5 5. Bf4 Nf6 6. e3 Bd6 7. Bxd6 Qxd6 8. Bd3 0-0 9. Qc2 Nbd7 10. cxd5 cxd5 11. 0-0 a6 12. Rac1 Ne4 13. Ne2 Ndf6 14. Ne5 Nd7 15. Qc7 Qe7 16. Rc2 Nd6 17. Rfc1 Ne8 18. Qa5 Nxe5 19. dxe5 Bd7 20. Qb6 g6 21. Qxb7 Ng7 22. Qc7 Rfb8 23. Nd4 Ne8 24. Qa5 Bb5 25. Qd2 Qd7 26. b3 Rb7 27. a4 Bxd3 28. Qxd3 Nc7 29. Qc3 Rab8 30. Qc6 Qf7 31. Qd6 Ne8 32. Qxa6 Rb6 33. Qa5 f4 34. Qd2 g5 35. a5 R6b7 36. a6 Rd7 37. Rc6 Re7 38. Rc8 Rxc8 39. Rxc8 Ra7 40. Qa5 1-0

[Event "Moscow Petrosian Memorial U18"]
[Site "Moscow"]
[Date "2009.01.??"]
[Round "3"]
[White "Bobrov, Alexey"]
[Black "Glushkov, Lev"]
[Result "1/2-1/2"]
[WhiteElo "2027"]
[BlackElo "1899"]
[PlyCount "66"]
[EventDate "2009.01.??"]
[EventType "swiss"]
[EventRounds "9"]
[EventCountry "RUS"]
[SourceTitle "EXT 2010"]
[Source "ChessBase"]
[SourceDate "2010.11.25"]
[SourceVersion "1"]
[SourceVersionDate "2010.11.25"]
[SourceQuality "1"]

1. d4 e6 2. Nf3 d5 3. g3 Nf6 4. Bg2 c5 5. c4 Nc6 6. 0-0 dxc4 7. Ne5 Nxe5 8. dxe5 Qxd1 9. Rxd1 Nd7 10. f4 Rb8 11. a4 Be7 12. Na3 0-0 13. Nxc4 Nb6 14. Nd6 Bxd6 15. exd6 f6 16. b3 Nd7 17. Ba3 b6 18. Bc6 a5 19. Bb5 Rd8 20. Rd3 Bb7 21. Bc4 Nf8 22. Rad1 Bc6 23. f5 Bd7 24. Re3 Re8 25. fxe6 Nxe6 26. Kf2 Kf8 27. Bb2 Ng5 28. Rxe8+ Rxe8 29. Bc1 Ne4+ 30. Kg1 Nc3 31. Rd2 Ne4 32. Rd1 Nc3 33. Rd2 Ne4 1/2-1/2

[Event "Moscow Petrosian Memorial U18"]
[Site "Moscow"]
[Date "2009.01.??"]
[Round "8"]
[White "Glushkov, Lev"]
[Black "Tunian, Yury"]
[Result "1-0"]
[WhiteElo "1899"]
[BlackElo "2032"]
[PlyCount "101"]
[EventDate "2009.01.??"]
[EventType "swiss"]
[EventRounds "9"]
[EventCountry "RUS"]
[SourceTitle "EXT 2010"]
[Source "ChessBase"]
[SourceDate "2010.11.25"]
[SourceVersion "1"]
[SourceVersionDate "2010.11.25"]
[SourceQuality "1"]

1. e4 c5 2. Nc3 Nc6 3. Bc4 e6 4. d3 Nge7 5. f4 d5 6. Bb3 g6 7. Nf3 Bg7 8. 0-0 0-0 9. Qe1 Rb8 10. Ne2 c4 11. dxc4 dxe4 12. Ng5 Qb6+ 13. Kh1 f5 14. c5 Qb5 15. Bxe6+ Bxe6 16. Nxe6 Rf7 17. Nxg7 Rxg7 18. Qf2 Nb4 19. c3 Nd3 20. Qe3 Nxc5 21. b4 Nd3 22. Qxa7 Nc6 23. Qe3 Rd7 24. Bd2 Rbd8 25. Be1 Qc4 26. Bh4 Ra8 27. a4 Nb2 28. a5 Rd3 29. Qc1 e3 30. Be1 Qb3 31. Rb1 Rd1 32. Rxb2 Qa4 33. Qc2 Qa1 34. Ra2 Qb1 35. Qxb1 Rxb1 36. Rc2 Rd8 37. Rc1 Rb2 38. Nd4 Nxd4 39. cxd4 e2 40. Rg1 Ra2 41. Bf2 Rd7 42. Rge1 Re7 43. Kg1 Re4 44. g3 Re7 45. Rc3 Re4 46. Rc8+ Kf7 47. Rc7+ Re7 48. Rxe7+ Kxe7 49. d5 Kd6 50. Bc5+ Kxd5 51. Kf2 1-0